Macroeconomics

Αποθηκεύτηκε σε:
Λεπτομέρειες βιβλιογραφικής εγγραφής
Κύριος συγγραφέας: Morley, Samuel A.
Μορφή: Βιβλίο
Γλώσσα:English
Δημοσίευση: Chicago : Dryden Press, c1984
Σειρά:Dryden Press series in economics
Θέματα:
Ετικέτες: Προσθήκη ετικέτας
Δεν υπάρχουν, Καταχωρήστε ετικέτα πρώτοι!

MARC

LEADER 00000cam a2200000 i 4500
001 1/30973
008 950809s1984 eng d
020 |a 0030593018 
035 |l 10023497 
040 |a GR-MY-UA  |b gre  |e aacr 
041 0 |a eng 
082 0 |a 339  |2 (19) 
100 1 |a Morley, Samuel A. 
245 1 0 |a Macroeconomics /  |c Samuel A. Morley 
260 |a Chicago :   |b Dryden Press,   |c c1984 
300 |a xviii, 572 p.;  |b ill. (some col.);  |c 25 cm 
490 1 |a Dryden Press series in economics 
504 |a Includes bibliographical references and index 
650 0 0 |a Macroeconomics. 
830 0 |a Dryden Press series in economics 
852 |a INST  |b CHIOS  |e 19950809  |h 339 MOR  |p 005200001263  |q 005200001263  |t BK  |y 0 
909 |a Χ  |b 013335